004340000a22001330004500060000800000082001400008100001800022100002400040245011900064260005200183260000900235300000800244650004800252 a100 a361.8 AMI aAmit, Bhaduri aM D Anisur, Rahman aStudies in rural participation: a study prepared for the I L O within the frame work of world employment programme aNew Delhi, Oxford & IBH publishing co. pvt. ltd c1982 a229 aAgricultural cooperatives/ Rural employment